| 000 | 00771nas a2200253 4500 | ||
|---|---|---|---|
| 001 | BR0904642 | ||
| 003 | BR-BrBNA | ||
| 005 | 20231205113336.0 | ||
| 007 | ta | ||
| 008 | 230509b bl.|||p| |||| 00| 00por d | ||
| 040 |
_aBR-BrBNA _bpor _cBiblioteca Nacional de Agricultura |
||
| 041 | _a(Pt) | ||
| 072 | _aE70 | ||
| 100 | 1 | _aNeves, M.F. | |
| 100 | 1 | _aMachado Filho, C.P. | |
| 100 | 1 | _aCarvalho, D.T. de | |
| 100 | 1 | _aCastro, L.T. e | |
| 245 | 1 | _aMarketing da carne bovina com visão de redes de empresas (Networks) | |
| 650 | _aCARNE BOVINA | ||
| 650 | _aMARKETING | ||
| 773 | 0 |
_tOrganização Rurais e Agroindustriais (Brazil) _xISSN 1517-3879 _g(Jul-Dec 2002), v. 4(2) p. 73-85 _wBR0904642 |
|
| 909 |
_a202311 _bLúcia _c55 _dLúcia Elande |
||
| 942 |
_2AGRIS _n0 _cANA |
||
| 999 |
_c203251 _d203251 |
||